00310nam a2200133Ia 4500008004100000020001800041041000800059082001500067100001800082245002100100260003600121300000900157500001000166220803s9999 xx 000 0 und d a9789381351185 aeng a891.46 TEJ aTej Gyan Pub. aShodh Ishwaracha aPunebTej Gyan Foundationc2014 a208p aARCHI